书目信息 |
| 题名: |
建筑透视阴影习题集
|
|
| 作者: | 彭明霞 主编 | |
| 分册: | ||
| 出版信息: | 长沙 湖南大学出版社 2008.03 |
|
| 页数: | 145页 | |
| 开本: | 26×38cm | |
| 丛书名: | ||
| 单 册: | ||
| 中图分类: | TU204-44 | |
| 科图分类: | ||
| 主题词: | 建筑制图--jian zhu zhi tu--透视投影--习题 | |
| 电子资源: | ||
| ISBN: | 978-7-81113-311-0 | |
| 000 | 00811nam0 2200241 450 | |
| 001 | 012009759591 | |
| 005 | 20090419151703.32 | |
| 010 | @a978-7-81113-311-0@dCNY32.00 | |
| 100 | @a20090419d2008 em y0chi0120 ea | |
| 101 | 0 | @achi |
| 102 | @aCN@b430000 | |
| 105 | @aa q 000yy | |
| 106 | @ar | |
| 200 | 1 | @a建筑透视阴影习题集@Ajian zhu tou shi yin ying xi ti ji@f彭明霞主编@Fzhu bian peng ming xia |
| 205 | @a第4版 | |
| 210 | @a长沙@c湖南大学出版社@d2008.03 | |
| 215 | @a145页@c图@d26×38cm | |
| 330 | @a本书内容包括:建筑制图的基本知识、投影的基本知识、投影的基本原理、投影变换、曲线与曲面、轴测投影等。 | |
| 606 | 0 | @a建筑制图@Ajian zhu zhi tu@x透视投影@j习题 |
| 690 | @aTU204-44@v4 | |
| 701 | 0 | @a彭明霞@Apeng ming xia@4主编 |
| 801 | 0 | @aCN@bQSSK@c20090419 |
| 905 | @b737481-83@dTU204-44@eP527@f3 | |
| 建筑透视阴影习题集/彭明霞主编.-第4版.-长沙:湖南大学出版社,2008.03 |
| 145页:图;26×38cm |
| ISBN 978-7-81113-311-0:CNY32.00 |
| 本书内容包括:建筑制图的基本知识、投影的基本知识、投影的基本原理、投影变换、曲线与曲面、轴测投影等。 |
| ● |
| 相关链接 |
|
|
|
正题名:建筑透视阴影习题集
索取号:TU204-44/P527
 
预约/预借
| 序号 | 登录号 | 条形码 | 馆藏地/架位号 | 状态 | 备注 |
| 1 | 737481 | 207374811 | 期刊室512/101建筑库 110排6列4层/ [索取号:TU204-44/P527] | 在馆 | |
| 2 | 737482 | 207374820 | 期刊室512/101建筑库 110排6列4层/ [索取号:TU204-44/P527] | 在馆 | |
| 3 | 737483 | 207374839 | 期刊室512/101建筑库 110排6列4层/ [索取号:TU204-44/P527] | 在馆 |